00602nam a2200145Ia 4500008004100000245018700041260001900228260000900247300000600256650002600262650001200288856006400300999001900364952007300383170516s9999 xx 000 0 und d 3aAn Adrenal Incidentaloma: How Often Is It Detected and What Are the Consequences?, E. M. Minnaar, K. E. Human, D. Henneman, C. Y. Nio, P. H. Bisschop, and E. J. M. Nieveen van Dijkum bISRN Radiology c2013 a: xRadiologic Technology xRadtech uhttps://www.hindawi.com/journals/isrn/contents/radiology/2/ c332147d332147 001040aCLbCLd2017-05-16l0r2017-05-16 00:00:00w2017-05-16yFOJ